[Event "Campeonato de Aragon por Equipos 2009"]
[Site "Aragon"]
[Date "2009.03.21"]
[Round "8.51"]
[White "Larrosa Moles Marcos"]
[Black "Querol Soro Sergio"]
[Result "1/2-1/2"]
[WhiteElo "1873"]
[BlackElo "1959"]

1.d4 Nf6 2.Nf3 g6 3.e3 Bg7 4.c4 d5 5.Nc3 O-O 6.Be2 c5 7.O-O cxd4 8.exd4 Nc6 9.
Bf4 Bg4 10.Be5 dxc4 11.Bxc4 Qb6 12.Nb5 Rac8 13.b3 a6 14.Nc3 Bxf3 15.Qxf3 Nxd4
16.Bxd4 Qxd4 17.Rad1 Qh4 18.Rfe1 b5 19.Be2 e6 20.Rd3 Rc7 21.Red1 b4 22.Rd4 Qg5
23.Rxb4 Rxc3 24.Qxc3 Nd5 25.Rxd5 Qxd5 26.Qd3 Qa5 27.Ra4 Qe1+ 28.Bf1 a5 29.Rc4
Bf6 30.Qc2 Rd8 31.Rc8 Rxc8 32.Qxc8+ Kg7 33.Qc4 Qd2 34.Qe2 Qc1 35.a4 Qa3 36.Qc2
Bd4 37.g3 Qb4 38.Kg2 1/2-1/2

[Event "Campeonato de Aragon por Equipos 2009"]
[Site "Aragon"]
[Date "2009.03.21"]
[Round "8.52"]
[White "Mombiela de Sus Jose Luis"]
[Black "Alava Ruiz Jorge"]
[Result "1-0"]
[WhiteElo "1957"]
[BlackElo "1803"]

1.f4 d6 2.Nf3 g6 3.g3 Bg7 4.Bg2 e5 5.d3 Ne7 6.c3 O-O 7.O-O c6 8.a4 exf4 9.gxf4
Nf5 10.e4 Nh4 11.Nxh4 Qxh4 12.Nd2 Bg4 13.Qc2 Nd7 14.Nc4 Qe7 15.b3 f5 16.Ba3 c5
17.h3 Bh5 18.exf5 Rxf5 19.Rae1 Qf8 20.Bc1 Rb8 21.Rf2 d5 22.Ne3 Rxf4 23.Rxf4
Qxf4 24.Nxd5 Qd6 25.b4 Rf8 26.bxc5 Nxc5 27.d4 Qg3 28.Re3 1-0

[Event "Campeonato de Aragon por Equipos 2009"]
[Site "Aragon"]
[Date "2009.03.21"]
[Round "8.53"]
[White "Fernandez Rubio Rafael"]
[Black "Laliena Solares Luis"]
[Result "0-1"]
[WhiteElo "2025"]
[BlackElo "2233"]

1.e4 c5 2.Nf3 Nc6 3.d4 cxd4 4.Nxd4 g6 5.c3 Bg7 6.Be3 Nf6 7.Nd2 O-O 8.Be2 d5 9.
Nxc6 bxc6 10.e5 Ne8 11.f4 f6 12.Nf3 Bg4 13.Nd4 Bxe2 14.Qxe2 Qc8 15.O-O e6 16.
Qg4 f5 17.Qd1 Rf7 18.g4 c5 19.Nf3 Bh6 20.g5 Bf8 21.Qa4 Rb7 22.Rab1 Rab8 23.Rf2
Qd7 24.Qc2 Nc7 25.b3 a5 26.Rff1 Nb5 27.Rbd1 Na3 28.Qe2 a4 29.Nd2 Qc6 30.Rc1
Qb5 31.c4 Qa6 32.Qf3 dxc4 33.Nxc4 axb3 34.axb3 Rxb3 35.Nxa3 Qxa3 36.Rfe1 Qb4
37.Qc6 Rb6 38.Qc8 Rc3 39.Ra1 Rxe3 40.Rxe3 Qd4 41.Re1 Qxf4 42.Rg3 Qd4+ 43.Kh1
Qd5+ 44.Kg1 c4 45.h4 Rc6 46.Qe8 Kg7 47.h5 Bc5+ 48.Kh2 Bf8 49.Ra1 Rc7 50.Ra8
Rf7 51.h6+ Kg8 52.Qa4 f4 53.Rg1 Qxe5 54.Qxc4 f3+ 55.Rg3 f2 56.Qf1 Rf3 57.Rxf8+
Kxf8 0-1

[Event "Campeonato de Aragon por Equipos 2009"]
[Site "Aragon"]
[Date "2009.03.21"]
[Round "8.54"]
[White "Cobo Garrido Diego Israel"]
[Black "Vera Jimenez Andres"]
[Result "1-0"]
[WhiteElo "2026"]
[BlackElo "2014"]

1.e4 c5 2.Nf3 e6 3.d4 cxd4 4.Nxd4 a6 5.Bd3 Bc5 6.Nb3 Ba7 7.Qg4 Nf6 8.Qh4 Nc6
9.Bf4 Ne7 10.Bd6 Ng6 11.Qg3 Nh5 12.Qf3 Qg5 13.g3 Nf6 14.h3 Ne5 15.Qe2 Nxd3+
16.Qxd3 b5 17.Nc3 Bb7 18.Na5 Bc6 19.Nxc6 dxc6 20.Bf4 Qc5 21.Be3 Qe7 22.Bxa7
Rxa7 23.e5 Nd5 24.Ne4 O-O 25.O-O Rd7 26.Nd6 c5 27.c4 Nb4 28.Qe2 Nc6 29.cxb5
Nd4 30.Qc4 Nf3+ 31.Kg2 Nxe5 32.Qxc5 Qxd6 33.Qxd6 Rxd6 34.bxa6 Rxa6 35.Rfc1
Rfa8 36.a3 Kf8 37.Rc7 R6a7 38.Rac1 Nd3 39.Rxa7 Rxa7 40.Rc2 Rb7 41.Rc8+ Ke7 42.
b4 Ra7 43.Rc3 Ne5 44.Kf1 Kd6 45.Ke1 Kd5 46.Kd1 Kd4 47.Kc2 Ra6 48.Re3 Rc6+ 49.
Kb3 Nc4 50.b5 Rb6 51.Re4+ Kxe4 52.Kxc4 Rb8 53.a4 Ra8 54.Kb4 Kd4 55.b6 Kd5 56.
Kb5 Rc8 57.b7 Rc1 58.Kb6 Rb1+ 59.Kc7 Kc5 60.a5 Rb5 61.a6 Rb6 62.a7 1-0

[Event "Campeonato de Aragon por Equipos 2009"]
[Site "Aragon"]
[Date "2009.03.21"]
[Round "8.55"]
[White "Sierra Aguerri Joaquin"]
[Black "Sanz Lopez Ruben"]
[Result "0-1"]
[WhiteElo "1990"]
[BlackElo "1891"]

1.e4 c5 2.b4 cxb4 3.d4 d5 4.e5 Nc6 5.a3 e6 6.Nf3 Bd7 7.Bd3 Qb6 8.Be3 Nge7 9.h4
bxa3 10.c3 a6 11.Nxa3 Rc8 12.c4 Nb4 13.Be2 Nf5 14.O-O dxc4 15.Nxc4 Qd8 16.Bg5
Be7 17.g4 Rxc4 18.gxf5 Rc7 19.Rc1 Bc6 20.Qd2 Nd5 21.Kh2 h6 22.Bxe7 Qxe7 23.Rg1
g5 24.f6 Qa3 25.Ra1 Qc3 26.Rgc1 Qxd2 27.Nxd2 Nf4 28.Bb5 O-O 29.Bxc6 Rfc8 30.
Rg1 Rxc6 31.hxg5 hxg5 32.Rxg5+ Ng6 33.Ne4 Rc1 34.Ra3 R8c4 35.Rd3 Re1 36.Nd6
Rcc1 37.Rdg3 Rh1+ 38.Kg2 Rhg1+ 39.Kf3 Rxg3+ 40.Kxg3 Rg1+ 41.Kf3 Rxg5 42.Ke3
Nxe5 43.f4 Ng4+ 44.Kf3 Rd5 45.Nc8 Nxf6 0-1

[Event "Campeonato de Aragon por Equipos 2009"]
[Site "Aragon"]
[Date "2009.03.21"]
[Round "8.56"]
[White "Gayan Carceller Miguel Angel"]
[Black "Sancho Casale Jesus"]
[Result "0-1"]
[WhiteElo "1888"]
[BlackElo "1901"]

1.d4 Nf6 2.Nf3 g6 3.c4 Bg7 4.Nc3 O-O 5.Bg5 d6 6.e3 c5 7.Be2 cxd4 8.Nxd4 Nc6 9.
O-O Bd7 10.Rc1 Rc8 11.Nxc6 Bxc6 12.Bf3 Qa5 13.Bh4 Rfe8 14.Bxc6 bxc6 15.Qa4
Qxa4 16.Nxa4 Ne4 17.f3 g5 18.Be1 Nf6 19.Nc3 Nd7 20.Bf2 Ne5 21.b3 Nd3 22.Rc2
Nb4 23.Rcc1 Bxc3 24.Rxc3 Nxa2 25.Rd3 Nb4 26.Rd2 Rb8 27.Ra1 Rb7 28.e4 c5 29.e5
dxe5 30.Bxc5 Nc6 31.b4 Nxb4 32.Rxa7 Rxa7 33.Bxa7 Rc8 34.c5 Kf8 35.Kf2 Ke8 36.
Kg3 f5 37.h4 h6 38.hxg5 hxg5 39.Rd1 Kf7 40.Bb6 Ke6 41.Rh1 Nd5 42.Rh6+ Nf6 43.
Rg6 f4+ 44.Kf2 Kf5 45.Rh6 Nd7 46.Rh7 Kf6 47.Rh6+ Kg7 48.Re6 Kf7 49.Rh6 Nxc5
50.Rh7+ Kf6 51.Bxc5 Rxc5 52.Rh6+ Kg7 53.Re6 Kf7 54.Rh6 Rc2+ 55.Kf1 e6 56.Rh7+
Kf6 57.Rh6+ Kf5 58.Rh8 e4 59.Rf8+ Ke5 60.Rg8 Kd4 61.Rd8+ Ke3 0-1

[Event "Campeonato de Aragon por Equipos 2009"]
[Site "Aragon"]
[Date "2009.03.21"]
[Round "8.57"]
[White "Burillo Rodriguez Carlos"]
[Black "Gonzalvo Lara Victor"]
[Result "1-0"]
[WhiteElo "2125"]
[BlackElo "2108"]

1.d4 d5 2.Nf3 Nf6 3.e3 e6 4.c4 dxc4 5.Bxc4 c5 6.O-O Nc6 7.Nc3 Be7 8.a3 O-O 9.
Re1 a6 10.Ne2 b5 11.Ba2 c4 12.Qc2 Bb7 13.e4 Rc8 14.Bg5 b4 15.Bb1 b3 16.Qd2 Qc7
17.Nc3 Rfd8 18.e5 Nd5 19.Ne4 Qa5 20.Qxa5 Nxa5 21.Bxe7 Nxe7 22.Nd6 Rc7 23.Ng5
Ng6 24.Bxg6 hxg6 25.Rac1 Bd5 26.Nge4 Nb7 27.Nxb7 Rxb7 28.Nd6 Rc7 29.Rc3 Rdd7
30.Rce3 Rc6 31.Rh3 Rdc7 32.Rh4 1-0

[Event "Campeonato de Aragon por Equipos 2009"]
[Site "Aragon"]
[Date "2009.03.21"]
[Round "8.58"]
[White "Jaques Burguete Raul"]
[Black "Veras Sanz Martin Marino"]
[Result "1-0"]
[WhiteElo "2081"]
[BlackElo "2100"]

1.e4 c5 2.Nf3 d6 3.d4 cxd4 4.Qxd4 Nc6 5.Bb5 Bd7 6.Bxc6 Bxc6 7.Nc3 Nf6 8.Bg5 e6
9.O-O Be7 10.Rad1 O-O 11.Nd2 Qa5 12.f4 Rfd8 13.Kh1 h6 14.Nb3 Qc7 15.Bh4 Rac8
16.Rd3 e5 17.Qe3 exf4 18.Qxf4 Rf8 19.Nd4 Nh5 20.Qg4 Bxh4 21.Qxh4 g6 22.g4 f5
23.gxh5 g5 24.Qh3 fxe4 25.Qe6+ Rf7 26.Re3 Qd7 27.Qxf7+ Qxf7 28.Rxf7 Kxf7 29.
Nxc6 d5 30.Nd4 1-0

[Event "Campeonato de Aragon por Equipos 2009"]
[Site "Aragon"]
[Date "2009.03.21"]
[Round "8.60"]
[White "Solanas Godes Beatriz"]
[Black "Labrador Postigo Francisco"]
[Result "0-1"]
[WhiteElo "1773"]
[BlackElo "1953"]

1.e4 c5 2.Nf3 d6 3.d4 cxd4 4.Nxd4 Nf6 5.Nc3 a6 6.Be2 e6 7.Be3 Be7 8.Qd2 Qc7 9.
f4 Nbd7 10.Nb3 b5 11.a3 Bb7 12.Bf3 O-O 13.Qf2 d5 14.e5 Ne4 15.Bxe4 dxe4 16.O-O
b4 17.axb4 Bxb4 18.Na4 Bd5 19.c3 Be7 20.Nd4 Rfc8 21.Qg3 Bc4 22.Rfc1 Nc5 23.
Nxc5 Bxc5 24.b3 Bd3 25.c4 Qb6 26.Qf2 Bxd4 27.Bxd4 Qxb3 28.Rc3 Qb7 29.c5 Rc6
30.Rca3 Rd8 31.Be3 Bb5 32.Qc2 Rd3 33.Rxd3 exd3 34.Qd2 Qd7 35.Ra3 h6 36.h3 Qd5
37.Kf2 Rxc5 38.Kf1 Rc2 0-1

[Event "Campeonato de Aragon por Equipos 2009"]
[Site "Aragon"]
[Date "2009.03.21"]
[Round "8.61"]
[White "Juberias Segura Santiago"]
[Black "Garcia Lopez Alberto J"]
[Result "0-1"]
[WhiteElo "2125"]
[BlackElo "1971"]

1.e4 d6 2.d4 Nf6 3.Bd3 g6 4.Ne2 Bg7 5.O-O O-O 6.c4 c5 7.d5 Na6 8.Nbc3 Bd7 9.
Rb1 Nb4 10.a3 Nxd3 11.Qxd3 Ng4 12.f4 f5 13.h3 fxe4 14.Nxe4 Nf6 15.N2g3 Nxe4
16.Nxe4 b5 17.b3 Rb8 18.Bd2 bxc4 19.bxc4 Qc7 20.Ng3 Rxb1 21.Rxb1 e5 22.dxe6
Bxe6 23.Qe4 Bc8 24.Be3 Qf7 25.Qd3 Re8 26.Kh2 Bh6 27.Rf1 Ba6 28.Rc1 Rxe3 29.
Qxe3 Bxf4 30.Qe1 Bxc1 31.Qxc1 Bxc4 32.Qb2 Bd5 33.Qb8+ Qf8 34.Qb2 Qe7 35.Kg1
Qe1+ 36.Kh2 Qe7 37.Kg1 Kf7 38.Qh8 Ke6 39.Qc8+ Ke5 40.Qg4 Kf6 41.Qh4+ Ke6 42.
Qg4+ Kf7 43.Ne2 Qe3+ 44.Kh2 Qe5+ 45.Ng3 Qe7 46.Qf4+ Kg7 47.Qg4 Qe6 48.Qg5 Qe5
49.Qd8 c4 50.h4 c3 51.h5 gxh5 52.Qd7+ Kg6 0-1

[Event "Campeonato de Aragon por Equipos 2009"]
[Site "Aragon"]
[Date "2009.03.21"]
[Round "8.62"]
[White "Lucea Valero Alejandro"]
[Black "Antonano Fernandez Avelino"]
[Result "0-1"]
[WhiteElo "2102"]
[BlackElo "1968"]

1.Nf3 e6 2.c4 f5 3.Nc3 Nf6 4.g3 d5 5.cxd5 exd5 6.Bg2 c6 7.Qb3 Bd6 8.O-O O-O 9.
d3 Na6 10.a3 Kh8 11.Bg5 Nc5 12.Qc2 Ne6 13.Bxf6 Qxf6 14.e4 d4 15.Ne2 f4 16.Qc4
g5 17.g4 h5 18.h3 hxg4 19.hxg4 Be5 20.Nxe5 Qxe5 21.f3 Bd7 22.Kf2 Kg7 23.Rh1 b5
24.Qc2 Rh8 25.b4 Kg6 26.Qb2 Rxh1 27.Rxh1 Rh8 28.Qa1 Rxh1 29.Qxh1 c5 30.Qc1
cxb4 31.axb4 Nd8 32.Qh1 Nc6 33.Qh5+ Kg7 34.Ng1 Be8 0-1

[Event "Campeonato de Aragon por Equipos 2009"]
[Site "Aragon"]
[Date "2009.03.21"]
[Round "8.63"]
[White "Garcia Andres Daniel"]
[Black "Minguez Guinda Andres"]
[Result "1-0"]
[WhiteElo "2039"]
[BlackElo "1942"]

1.e4 c5 2.f4 Nf6 3.Nc3 g6 4.Nf3 d5 5.Bb5+ Nc6 6.Ne5 d4 7.Nxc6 bxc6 8.Bxc6+ Bd7
9.Bxa8 Qxa8 10.Nd5 Nxd5 11.exd5 d3 12.c4 Bg7 13.Rb1 O-O 14.Qf3 Bd4 15.b3 e5
16.Bb2 e4 17.Qg3 e3 18.Bxd4 exd2+ 19.Kxd2 cxd4 20.Qxd3 Qd8 21.Qxd4 Qa5+ 22.Qc3
Qc5 23.Rhf1 Re8 24.Rbe1 Rxe1 25.Kxe1 a5 26.h3 h5 27.Ke2 Bf5 28.Rd1 Be4 29.Qe3
Qe7 30.d6 Bd3+ 31.Rxd3 1-0

[Event "Campeonato de Aragon por Equipos 2009"]
[Site "Aragon"]
[Date "2009.03.21"]
[Round "8.64"]
[White "Buil Montanes Carlos"]
[Black "Pellicer Coloma Pedro"]
[Result "0-1"]
[WhiteElo "1898"]
[BlackElo "2016"]

1.c4 e6 2.Nf3 d5 3.d4 f5 4.g3 Nf6 5.Bg2 c6 6.O-O Bd6 7.b3 Qe7 8.Bb2 O-O 9.Nbd2
b6 10.Ne5 Bb7 11.Ndf3 Nbd7 12.Nd3 Rac8 13.Rc1 Rfd8 14.Nfe5 c5 15.e3 Bb8 16.Qe2
Nxe5 17.Nxe5 Nd7 18.cxd5 Bxe5 19.d6 Bxd6 20.Bxb7 Rc7 21.Bg2 e5 22.dxe5 Bxe5
23.Rfd1 Bxb2 24.Qxb2 Nf6 25.Qc2 Rcd7 26.Rxd7 Qxd7 27.Bf3 Qd3 28.Be2 Qxc2 29.
Rxc2 Kf7 30.f3 Ke7 31.Kf2 Rd6 32.Bc4 Nd7 33.Ke2 Ne5 34.Ba6 Rh6 35.h4 g5 36.f4
gxf4 37.exf4 Nc6 38.Kf2 Nd4 39.Rc3 Kd7 40.Re3 b5 41.Bb7 Rb6 42.Bd5 Ra6 43.b4
c4 44.a3 Nc2 45.Re5 Rf6 46.Bg8 Nxa3 47.Bxh7 c3 48.Bxf5+ Kd6 49.Ke2 Nc4 50.Rxb5
Rxf5 51.Rxf5 c2 0-1

[Event "Campeonato de Aragon por Equipos 2009"]
[Site "Aragon"]
[Date "2009.03.28"]
[Round "9.1"]
[White "Chueca Forcen Alberto"]
[Black "Baron Rodriguez Jesus"]
[Result "0-1"]
[WhiteElo "2278"]
[BlackElo "2422"]

1.d4 e6 2.c4 Bb4+ 3.Nc3 f5 4.g3 Nf6 5.Bg2 O-O 6.Nf3 Ne4 7.Qb3 Qe7 8.O-O Nc6 9.
Nb1 b6 10.a3 Bd6 11.Qa4 e5 12.dxe5 Nxe5 13.Nbd2 Bb7 14.Nxe5 Bxe5 15.Nxe4 Bxe4
16.Bxe4 fxe4 17.Qc2 Bd4 18.e3 Bc5 19.b4 Bd6 20.Bb2 a5 21.b5 h5 22.Rad1 h4 23.
Rd5 Rf3 24.Be5 hxg3 25.hxg3 Raf8 26.Bxd6 cxd6 27.Kg2 Qf6 28.Qe2 Qg6 29.Rd2
R8f6 30.Rh1 Qf7 31.Rf1 Qe6 32.a4 Qf7 33.Rc2 Qe6 34.Rd2 R3f5 35.Qd1 Rh6 36.Rh1
Rxh1 37.Kxh1 Qxc4 38.Rxd6 Rxf2 39.Kg1 Rf3 40.Rxd7 Rxg3+ 41.Kh2 Rg5 42.Qf1 Qxf1
43.Rxg7+ Kf8 44.Rg8+ Ke7 45.Re8+ Kd6 46.Re6+ Kc5 47.Rc6+ Kb4 48.Rc4+ 0-1

[Event "Campeonato de Aragon por Equipos 2009"]
[Site "Aragon"]
[Date "2009.03.28"]
[Round "9.2"]
[White "Baron Rodriguez Jorge"]
[Black "Hernando Garcia Antonio"]
[Result "0-1"]
[WhiteElo "2346"]
[BlackElo "2202"]

1.c4 Nf6 2.g3 c6 3.Bg2 d5 4.Nf3 Bf5 5.O-O e6 6.d3 dxc4 7.dxc4 Qxd1 8.Rxd1 Bc5
9.Nd4 Bg6 10.Nb3 Bb6 11.Nc3 Nbd7 12.Na4 Bc7 13.Bd2 O-O-O 14.Rac1 Ne4 15.Be1
Nb6 16.Nac5 Nxc5 17.Nxc5 Be5 18.a4 Bxb2 19.a5 Nd7 20.Na4 Bxc1 21.Rxc1 Kc7 22.
f3 Rb8 0-1

[Event "Campeonato de Aragon por Equipos 2009"]
[Site "Aragon"]
[Date "2009.03.28"]
[Round "9.3"]
[White "Palacios Latasa Elias"]
[Black "Forcen Esteban Daniel"]
[Result "0-1"]
[WhiteElo "2192"]
[BlackElo "2169"]

1.e4 c5 2.Nc3 d6 3.g3 Nc6 4.Bg2 g6 5.d3 Bg7 6.f4 e6 7.Nf3 Nge7 8.O-O O-O 9.Be3
Nd4 10.e5 Nef5 11.Bf2 Nxf3+ 12.Qxf3 Nd4 13.Qd1 dxe5 14.fxe5 Bxe5 15.Ne4 Nf5
16.c3 Qc7 17.Bxc5 Rd8 18.Qf3 Bd7 19.Be7 Rdc8 20.Bf6 Bc6 21.Bxe5 Qxe5 22.g4
Bxe4 23.Qxe4 Qxe4 24.Bxe4 Nd6 25.Bg2 Rc7 26.Rae1 Rd8 27.d4 b5 28.a3 a5 29.Re5
Rb8 30.Rc5 Ra7 31.Re1 Ra6 32.Bf1 Rab6 33.Rc7 R8b7 34.Rxb7 Rxb7 35.Re5 Kf8 36.
Kf2 Ke7 37.g5 b4 38.cxb4 axb4 39.a4 Nf5 40.a5 Nxd4 41.a6 Ra7 42.Re4 Nc6 43.Rh4
Kd6 44.Rxh7 Nd4 45.h4 Nc6 46.Ke3 Ke5 47.Bd3 b3 48.h5 gxh5 49.Rxh5 Kd6 50.Rh7
Kc5 51.Rh4 Kb6 52.Kd2 Rc7 53.Rc4 Rd7 54.Rc3 Nd4 55.Ke3 e5 56.Ke4 Re7 57.Rc4
Ne6 58.Rb4+ Ka7 59.Kf5 Nc5 60.Bc4 e4 61.Kf6 Rc7 62.Rb5 Nd7+ 63.Kxf7 Ne5+ 64.
Ke6 Nxc4 65.g6 e3 66.Rb7+ Rxb7 67.axb7 e2 68.b8=Q+ Kxb8 69.g7 e1=Q+ 70.Kf7
Nd6+ 71.Kf8 Qe8# 0-1

[Event "Campeonato de Aragon por Equipos 2009"]
[Site "Aragon"]
[Date "2009.03.28"]
[Round "9.4"]
[White "Antolin Concha Diego"]
[Black "Sarto Ramos Angel"]
[Result "1/2-1/2"]
[WhiteElo "2122"]
[BlackElo "2004"]

1.d4 g6 2.c4 c5 3.d5 Bg7 4.Nc3 d6 5.Bf4 Nf6 6.h3 O-O 7.e4 a6 8.a4 Nbd7 9.Nf3
Nh5 10.Bh2 Qa5 11.Qd2 Ne5 12.Be2 Nxf3+ 13.Bxf3 Nf6 14.O-O Nd7 15.Be2 Qb4 16.
Qc2 Bd4 17.Kh1 Ne5 18.f4 Nxc4 19.Na2 Qxb2 20.Qxc4 b5 21.Qd3 c4 22.Qf3 Qb3 23.
Rad1 Bc5 24.Nc1 Qxa4 25.f5 Qa3 26.Qf4 Qe3 27.Qh4 g5 28.Qg4 f6 29.h4 Rf7 30.Rf3
h5 31.Qxh5 Qxe4 32.hxg5 Bxf5 33.Rf4 Qxf4 34.g6 Qg5 35.gxf7+ Kg7 36.Qxg5+ fxg5
37.Rf1 Be4 38.Bf3 Bxf3 39.Rxf3 Rf8 40.Bg1 Rxf7 41.Bxc5 Rxf3 42.gxf3 dxc5 43.
Kg2 Kf6 44.Kg3 Ke5 45.Kg4 Kxd5 46.Kxg5 b4 47.Kf4 b3 48.Ke3 b2 49.Na2 Ke5 50.
Nc3 a5 51.Nb1 a4 52.Na3 Kd5 53.Kd2 Kd4 54.Nb5+ Ke5 55.Kc2 Kf4 56.Kxb2 Kxf3 57.
Nc3 Ke3 58.Nxa4 Kd3 59.Nxc5+ 1/2-1/2

[Event "Campeonato de Aragon por Equipos 2009"]
[Site "Aragon"]
[Date "2009.03.28"]
[Round "9.5"]
[White "Llorente Zaro Alfonso"]
[Black "Ruiz Diez Julio Cesar"]
[Result "1-0"]
[WhiteElo "2403"]
[BlackElo "2299"]

1.c4 e6 2.Nf3 Nf6 3.g3 b6 4.Bg2 Bb7 5.O-O Be7 6.d4 O-O 7.d5 exd5 8.Nh4 c6 9.
cxd5 Nxd5 10.Nf5 Nc7 11.Nc3 d5 12.e4 Bf6 13.Bf4 d4 14.e5 dxc3 15.exf6 Qxf6 16.
Qh5 Bc8 17.Nxg7 Qxg7 18.Bxc7 cxb2 19.Rab1 Be6 20.Be5 f6 21.Bxb2 Bxa2 22.Rbd1
Be6 23.Rd6 Qe7 24.Ba3 Na6 25.Bxc6 Nc5 26.Bxc5 1-0

[Event "Campeonato de Aragon por Equipos 2009"]
[Site "Aragon"]
[Date "2009.03.28"]
[Round "9.6"]
[White "Glaria Murillo Christian"]
[Black "Ramon Perez Jose Luis"]
[Result "1-0"]
[WhiteElo "2154"]
[BlackElo "2315"]

1.e4 e6 2.d3 d5 3.Nd2 Nf6 4.Ngf3 b6 5.e5 Nfd7 6.d4 c5 7.c3 Nc6 8.Bb5 Bb7 9.O-O
a6 10.Bxc6 Bxc6 11.Re1 g5 12.Nf1 g4 13.Bg5 Be7 14.Bxe7 Qxe7 15.N3d2 h5 16.a4
a5 17.Qe2 Qg5 18.Qe3 Qg6 19.b3 O-O 20.h3 Rae8 21.hxg4 hxg4 22.Qg3 Kh7 23.Ne3
Rg8 24.Qh4+ Qh6 25.Qxh6+ Kxh6 26.g3 Kg5 27.f4+ gxf3 28.Nxf3+ Kg6 29.Kg2 f6 30.
Ng4 f5 31.Nf2 f4 32.Nh3 fxg3 33.Kxg3 Kf5+ 34.Kf2 Rh8 35.Nhg5 Reg8 36.Rg1 Rg7
37.Ke3 Rh5 38.Raf1 cxd4+ 39.cxd4 Rgxg5 40.Nh4# 1-0

[Event "Campeonato de Aragon por Equipos 2009"]
[Site "Aragon"]
[Date "2009.03.28"]
[Round "9.7"]
[White "Remiro Juste Fernando Jose"]
[Black "Jimenez Fernandez Alejandro"]
[Result "1-0"]
[WhiteElo "2314"]
[BlackElo "1984"]

1.b3 d5 2.Bb2 c5 3.e3 Nc6 4.Nf3 Nf6 5.Bb5 g6 6.Bxc6+ bxc6 7.d3 Bg4 8.Nbd2 Bg7
9.h3 Bxf3 10.Qxf3 O-O 11.O-O Re8 12.Qe2 Qa5 13.Rfd1 Nd7 14.Bxg7 Kxg7 15.f4 e5
16.f5 Nf6 17.Rf1 e4 18.Qf2 Qc3 19.Rac1 Rad8 20.fxg6 fxg6 21.d4 Rf8 22.Nb1 Qb4
23.c3 Qb8 24.Qf4 Qc8 25.Qe5 1-0

[Event "Campeonato de Aragon por Equipos 2009"]
[Site "Aragon"]
[Date "2009.03.28"]
[Round "9.8"]
[White "Garcia Monterde Francisco Jose"]
[Black "Valiente Gimenez Jose Luis"]
[Result "0-1"]
[WhiteElo "1929"]
[BlackElo "2117"]

1.c4 e5 2.g3 f5 3.Bg2 Nf6 4.Nc3 g6 5.e4 fxe4 6.Nxe4 Bg7 7.Ne2 Nxe4 8.Bxe4 d6
9.h4 Qf6 10.Nc3 c6 11.h5 Na6 12.Qe2 Bf5 13.d4 O-O-O 14.d5 Nc5 15.h6 Bf8 16.g4
Bxe4 17.Nxe4 Nxe4 18.Qxe4 c5 19.b4 cxb4 20.Be3 b6 21.Rb1 Be7 22.Rxb4 Rd7 23.
Ke2 Bd8 24.Rhb1 Bc7 25.a4 Kd8 26.a5 bxa5 27.Rb7 Ke7 28.Qc2 Rf8 29.Qa4 Qf3+ 30.
Kd2 Qxg4 31.Qc6 Bb6 32.Bg5+ Qxg5+ 0-1

[Event "Campeonato de Aragon por Equipos 2009"]
[Site "Aragon"]
[Date "2009.03.28"]
[Round "9.9"]
[White "Salamero Pelay Fernando"]
[Black "Fontana Sotomayour Luis Javier"]
[Result "0-1"]
[WhiteElo "2167"]
[BlackElo "2340"]

1.d4 Nf6 2.c4 c5 3.d5 e6 4.Nc3 exd5 5.cxd5 d6 6.e4 g6 7.Bf4 a6 8.a4 Bg7 9.Nf3
O-O 10.Nd2 Qe7 11.Be2 Nbd7 12.O-O Ne5 13.Bxe5 Qxe5 14.Nc4 Qe7 15.Qc2 Re8 16.
Rae1 Rb8 17.a5 Ng4 18.Qb3 Bd4 19.Bxg4 Bxg4 20.Qb6 Rbd8 21.Kh1 Qh4 22.f3 Bf2
23.fxg4 Bxe1 24.Qc7 Bxc3 25.Nxd6 Be5 26.Qxf7+ Kh8 27.g3 Bxg3 28.Rf2 Rf8 0-1

[Event "Campeonato de Aragon por Equipos 2009"]
[Site "Aragon"]
[Date "2009.03.28"]
[Round "9.10"]
[White "Antoli Royo Joaquin Miguel"]
[Black "Gella Bitrian Diego"]
[Result "1-0"]
[WhiteElo "2323"]
[BlackElo "1864"]

1.e4 c5 2.Nc3 d6 3.f4 Nf6 4.Nf3 g6 5.Bc4 Bg7 6.O-O O-O 7.d3 Nc6 8.Qe1 e6 9.f5
d5 10.e5 dxc4 11.exf6 Bxf6 12.fxg6 hxg6 13.Ne4 Bg7 14.Be3 Nd4 15.Nfg5 f5 16.
Qh4 Rf6 17.Nxf6+ Qxf6 18.Qh7+ Kf8 19.Ne4 Qf7 20.dxc4 b6 21.Rad1 Be5 22.Bh6+
Ke8 23.Qxf7+ Kxf7 24.c3 Nc6 25.Nd6+ Kf6 26.Nxc8 Rxc8 27.Rd7 Bxh2+ 28.Kf2 Bb8
29.Bg7+ Kg5 30.Rh1 Rc7 31.Rxc7 Bxc7 32.Rh8 Ne5 33.Bxe5 Bxe5 34.Re8 Kf6 35.Ra8
a5 36.Ra6 Bc7 37.Ra7 Bd8 38.Rd7 Be7 39.Rb7 Bd8 40.Rb8 Bc7 41.Rc8 Bf4 42.Rc6
Ke7 43.Rxb6 Bc7 44.Ra6 g5 45.a3 1-0

[Event "Campeonato de Aragon por Equipos 2009"]
[Site "Aragon"]
[Date "2009.03.28"]
[Round "9.11"]
[White "Biarge Carnicer Arturo"]
[Black "Cortes Lizano Jesus"]
[Result "0-1"]
[WhiteElo "1858"]
[BlackElo "2231"]

1.e4 c5 2.Nf3 Nc6 3.d4 cxd4 4.Nxd4 e5 5.Nb5 a6 6.Nd6+ Bxd6 7.Qxd6 Qf6 8.Qd1
Qg6 9.f3 Nge7 10.Be3 d5 11.Nd2 O-O 12.Qe2 Be6 13.a3 Rfc8 14.Bc5 dxe4 15.fxe4
Nd4 16.Bxd4 exd4 17.Rc1 Rc5 18.Qf2 Rac8 19.Qxd4 Qg5 20.c3 Re5 21.Rd1 Nc6 22.
Qf2 f5 23.Bd3 fxe4 24.Bxe4 Rf8 25.Qe2 Bg4 26.Nf3 Qf4 27.Qc4+ Kh8 28.O-O Rxe4
29.Nd4 Qe3+ 30.Kh1 Ref4 31.Ne6 Bxe6 0-1

[Event "Campeonato de Aragon por Equipos 2009"]
[Site "Aragon"]
[Date "2009.03.28"]
[Round "9.12"]
[White "Maza Broto Pablo"]
[Black "Bellosta Lopez Pablo"]
[Result "1/2-1/2"]
[WhiteElo "1980"]
[BlackElo "1835"]

1.e4 c5 2.Ne2 d6 3.c4 g6 4.d4 cxd4 5.Nxd4 Bg7 6.Nc3 Nc6 7.Nxc6 bxc6 8.Be3 Nf6
9.Be2 O-O 10.O-O Rb8 11.b3 Nd7 12.Rc1 Qa5 13.Qd2 Nc5 14.Bf3 Be6 15.Bh6 Bxh6
16.Qxh6 Nd3 17.Rc2 Ne5 18.Be2 f5 19.Qh4 Rf7 20.f4 Nd7 21.Bf3 Nc5 22.Qe1 fxe4
23.Nxe4 Qxe1 24.Rxe1 Bf5 25.g3 d5 26.Nxc5 Bxc2 27.cxd5 Rb5 28.b4 cxd5 29.Bxd5
Kg7 30.Bxf7 Kxf7 31.Rc1 Bf5 32.Rc4 a5 33.a3 axb4 34.axb4 Kf6 35.Kf2 g5 36.Ke3
gxf4+ 37.gxf4 e5 38.fxe5+ Kxe5 39.Kd2 Bg6 40.Kc3 Kd6 41.Nb3 Rh5 42.h4 Re5 43.
Nc5 Re3+ 44.Kd4 Re7 45.b5 Kc7 46.Kc3 Kb6 47.Kb4 Re1 48.Na4+ Kb7 49.Ka5 Ra1 50.
Rd4 Bc2 51.Rd7+ Kc8 52.Rd4 Kb7 53.Rb4 Ra3 1/2-1/2

[Event "Campeonato de Aragon por Equipos 2009"]
[Site "Aragon"]
[Date "2009.03.28"]
[Round "9.13"]
[White "Adla Diego"]
[Black "Guzman Moneo Alberto"]
[Result "1/2-1/2"]
[WhiteElo "2508"]
[BlackElo "2231"]

1.c4 e6 2.Nf3 d5 3.d4 Nf6 4.g3 dxc4 5.Bg2 c5 6.O-O Nc6 7.Ne5 Bd7 8.Na3 cxd4 9.
Naxc4 Bc5 10.Bg5 Nxe5 11.Nxe5 Qc7 12.Nd3 Bd6 13.Qb3 Bc6 14.Rfc1 Nd5 15.Bxd5
exd5 16.Bf4 O-O 17.Qb4 Bxf4 18.Nxf4 Qe5 19.Rc2 Rfe8 20.Rd1 Qe4 21.Rd3 Qf5 22.
Qxd4 Re4 23.Qc5 Rae8 24.Kf1 R4e5 25.Rcd2 d4 26.Qxd4 g5 27.Ng2 Qh3 28.f3 Qxh2
29.g4 Bb5 30.Re3 Qh1+ 31.Kf2 Rxe3 32.Nxe3 Qh2+ 33.Ng2 Bxe2 34.Qf6 h6 35.Rd8
Bb5 36.Qe7 Rxd8 37.Qxd8+ Kg7 38.Qd4+ Kg8 39.Qd8+ Kg7 40.Qd4+ Kg8 41.Qd8+
1/2-1/2

[Event "Campeonato de Aragon por Equipos 2009"]
[Site "Aragon"]
[Date "2009.03.28"]
[Round "9.14"]
[White "Navarro Alonso Jorge Luis"]
[Black "Glavina Rossi Pablo"]
[Result "0-1"]
[WhiteElo "2176"]
[BlackElo "2465"]

1.e4 e5 2.Nf3 Nc6 3.Bb5 a6 4.Ba4 Nf6 5.Qe2 Bc5 6.c3 b5 7.Bb3 d6 8.d3 Rb8 9.O-O
O-O 10.Rd1 Re8 11.Bg5 h6 12.Be3 Qe7 13.Nbd2 Be6 14.Bxe6 fxe6 15.d4 exd4 16.
cxd4 Bb6 17.Rac1 Qd7 18.e5 Nd5 19.Ne4 Nce7 20.g4 Ng6 21.g5 Qf7 22.gxh6 gxh6
23.Bxh6 dxe5 24.Kh1 Rf8 25.Nfg5 Ndf4 26.Qg4 Qf5 27.Bxf8 Qxg4 28.Nf6+ Kxf8 29.
Nxg4 exd4 30.Rc6 Ke7 31.Rxb6 Rxb6 32.Rxd4 Rd6 33.Rxd6 Kxd6 34.b3 c5 35.Ne3 Ke5
36.Kg1 Kd4 37.Nf3+ Kc3 38.h4 Kb2 39.Nd2 Nxh4 40.Ne4 Nd3 41.Kf1 Kxa2 42.Ke2
Nc1+ 43.Kd1 Nxb3 44.Kc2 Nf5 45.Nc3+ Ka3 0-1

[Event "Campeonato de Aragon por Equipos 2009"]
[Site "Aragon"]
[Date "2009.03.28"]
[Round "9.15"]
[White "Moreno Gracia Daniel"]
[Black "Cerrajeria Ruiz Jesus Maria"]
[Result "1-0"]
[WhiteElo "2212"]
[BlackElo "2079"]

1.e4 c5 2.Nf3 g6 3.d4 Bg7 4.dxc5 Qa5+ 5.c3 Qxc5 6.Na3 Nf6 7.Nb5 Qb6 8.Be3 Qa5
9.Bc4 O-O 10.O-O a6 11.Na7 Nxe4 12.Nxc8 Rxc8 13.Qb3 Nd6 14.Bb6 Qh5 15.Be2 Nc6
16.Rfe1 Ne4 17.Rad1 Nf6 18.Nd4 Nxd4 19.Bxd4 Qd5 20.Qxd5 Nxd5 21.Bxg7 1-0

[Event "Campeonato de Aragon por Equipos 2009"]
[Site "Aragon"]
[Date "2009.03.28"]
[Round "9.16"]
[White "Matamoros Villareal Antonio"]
[Black "Quintin Navarro Alberto"]
[Result "0-1"]
[WhiteElo "1976"]
[BlackElo "2098"]

1.e4 c5 2.d4 cxd4 3.c3 d3 4.Bxd3 Nc6 5.Nf3 g6 6.Bf4 Bg7 7.O-O d6 8.Re1 Bg4 9.
h3 Bxf3 10.Qxf3 Nf6 11.Qe2 O-O 12.Nd2 Nd7 13.Nf3 a6 14.Rad1 Nce5 15.Bb1 b5 16.
h4 Qc7 17.h5 Qc4 18.Qe3 Nxf3+ 19.Qxf3 b4 20.Bg5 bxc3 21.bxc3 Qe6 22.h6 Be5 23.
Bf4 Rfc8 24.Bxe5 Nxe5 25.Qe3 Qf6 26.a4 Ng4 27.Qg3 Nxh6 28.e5 dxe5 29.Qxe5 Qxe5
30.Rxe5 e6 31.Be4 Ra7 32.Rc1 Nf5 33.Ra5 Nd4 34.Bd3 Nb3 35.Rxa6 Nxc1 0-1

[Event "Campeonato de Aragon por Equipos 2009"]
[Site "Aragon"]
[Date "2009.03.28"]
[Round "9.17"]
[White "Colas Longares Rafael P"]
[Black "Garza Marco Sergio"]
[Result "1/2-1/2"]
[WhiteElo "2330"]
[BlackElo "2386"]

1.e4 d6 2.d4 Nf6 3.Nc3 g6 4.f4 Bg7 5.Nf3 c5 6.Bb5+ Bd7 7.e5 Ng4 8.e6 fxe6 9.
Ng5 Bxd4 10.Nxe6 Bxb5 11.Nxd8 Bf2+ 12.Kd2 Be3+ 13.Ke1 Bf2+ 14.Kd2 1/2-1/2